[Event "30th 4NCL Congress"]
[Site "Daventry"]
[Date "2023.06.17"]
[Round "3"]
[Board "2"]
[White "Jerome, Stellio"]
[Black "Sloan, Cecil"]
[Result "1/2-1/2"]
[WhiteElo "1608"]
[BlackElo "1657"]
[PlyCount "54"]
[EventDate "2023.06.16"]
[EventRounds "5"]
[EventCountry "ENG"]

1. f4 g6 2. Nf3 d5 3. e3 Bg7 4. Be2 Nf6 5. O-O O-O 6. d3 c5 7. Ne5 Nbd7 8. Nxd7 Bxd7
9. Bf3 Bc6 10. Qe1 Qc7 11. e4 d4 12. Nd2 b5 13. Qh4 e5 14. Nb3 Bb7 15. fxe5 Qxe5
16. Bf4 Qe7 17. Na5 Qd7 18. Nxb7 Qxb7 19. Bh6 Rad8 20. Bxg7 Kxg7 21. Be2 Qe7 22.
Rf2 Nd5 23. Qxe7 Nxe7 24. Raf1 Nc6 25. a3 Ne5 26. Rf6 Rc8 27. b3 Rc6  1/2-1/2

[Event "30th 4NCL Congress"]
[Site "Daventry"]
[Date "2023.06.17"]
[Round "3"]
[Board "3"]
[White "Amir, Zain"]
[Black "Fisher, Neal"]
[Result "1/2-1/2"]
[WhiteElo "1597"]
[BlackElo "1647"]
[PlyCount "47"]
[EventDate "2023.06.16"]
[EventRounds "5"]
[EventCountry "ENG"]

1. d4 d5 2. Bf4 c6 3. e3 Nf6 4. Nf3 e6 5. Nbd2 Bd6 6. Bxd6 Qxd6 7. Ne5 Nbd7 8. Ndf3
Qb4+ 9. c3 Qxb2 10. Qc1 Qxc1+ 11. Rxc1 Nxe5 12. Nxe5 Nd7 13. Nxd7 Bxd7 14. Rb1 b5
15. Bd3 O-O 16. O-O Rfc8 17. Rfc1 a6 18. Kf1 c5 19. Ke1 c4 20. Bc2 Rcb8 21. a3 g6
22. Rb2 Rb6 23. Rcb1 Rab8 24. Kd2  1/2-1/2

[Event "30th 4NCL Congress"]
[Site "Daventry"]
[Date "2023.06.17"]
[Round "3"]
[Board "4"]
[White "Dairi, Ramsey"]
[Black "Shivakumar, Akshath"]
[Result "0-1"]
[WhiteElo "1690"]
[BlackElo "1591"]
[PlyCount "106"]
[EventDate "2023.06.16"]
[EventRounds "5"]
[EventCountry "ENG"]

1. e4 e6 2. d4 d5 3. Nc3 Bb4 4. e5 c5 5. a3 Bxc3+ 6. bxc3 Nc6 7. Qg4 g6 8. Nf3 h6
9. h4 Bd7 10. Rb1 Qc7 11. a4 O-O-O 12. Bd2 Nge7 13. Qf4 cxd4 14. cxd4 Nf5 15. g4
Nfe7 16. Bb5 h5 17. g5 Nf5 18. Bxc6 Bxc6 19. a5 a6 20. Nh2 Bb5 21. Rb3 Kb8 22. Rc3
Qd7 23. Nf1 Rc8 24. Rhh3 Rxc3 25. Rxc3 Rc8 26. Ne3 Rxc3 27. Bxc3 Qc6 28. Kd2 Kc8
29. Nxf5 exf5 30. Qe3 Kd7 31. Bb4 Qc4 32. Bf8 Ba4 33. Qc3 Qxc3+ 34. Kxc3 Ke6 35.
f4 Kd7 36. Kb2 Kc6 37. c3 Kb5 38. Bb4 Kc4 39. Bf8 Kd3 40. Ka3 Bc6 41. Kb4 Ke4 42.
Kc5 Kxf4 43. Kd6 Kg4 44. Ke7 f4 45. Kxf7 f3 46. Kxg6 f2 47. Be7 f1=Q 48. Bf6 Qf5+
49. Kh6 Be8 50. Kg7 Qd7+ 51. Kh8 Bg6 52. Bg7 Qe8+ 53. Bf8 Qxf8#  0-1

[Event "30th 4NCL Congress"]
[Site "Daventry"]
[Date "2023.06.17"]
[Round "3"]
[Board "5"]
[White "Duffell, Andrew"]
[Black "Pandya, Dhairya"]
[Result "0-1"]
[WhiteElo "1587"]
[BlackElo "1646"]
[PlyCount "82"]
[EventDate "2023.06.16"]
[EventRounds "5"]
[EventCountry "ENG"]

1. d4 Nf6 2. c4 e6 3. Nc3 Bb4 4. f3 d5 5. a3 Be7 6. e4 c5 7. e5 Nfd7 8. cxd5 exd5
9. Nxd5 cxd4 10. f4 Qa5+ 11. Bd2 Qxd5 12. Rc1 Nc6 13. Nf3 Qe4+ 14. Kf2 Nc5 15. Qc2
Qxc2 16. Rxc2 Bf5 17. Rc1 Ne4+ 18. Ke1 O-O 19. Bd3 Nxd2 20. Kxd2 Bxd3 21. Kxd3 Rfd8
22. b4 a6 23. g4 Rd5 24. h4 h6 25. Rhg1 g6 26. Rce1 a5 27. Kc4 Rad8 28. b5 Na7 29.
b6 Nc8 30. e6 Rc5+ 31. Kd3 Rc3+ 32. Ke2 Re3+ 33. Kf2 fxe6 34. Rd1 Bc5 35. Nxd4 Rxd4
36. Rc1 Rd2+ 37. Kf1 Rxa3 38. Ke1 Rd5 39. Rg2 Re3+ 40. Re2 Rxe2+ 41. Kxe2 Nxb6  0-1

[Event "30th 4NCL Congress"]
[Site "Daventry"]
[Date "2023.06.17"]
[Round "3"]
[Board "6"]
[White "Mottram, Paul"]
[Black "Dhingra, Kanvansh"]
[Result "1-0"]
[WhiteElo "1635"]
[BlackElo "1493"]
[PlyCount "41"]
[EventDate "2023.06.16"]
[EventRounds "5"]
[EventCountry "ENG"]

1. d4 d5 2. c4 e6 3. Nc3 Nf6 4. cxd5 exd5 5. Bg5 c6 6. e3 Bd6 7. Bd3 h6 8. Bh4 O-O
9. Nf3 Bg4 10. Qb3 b6 11. Ne5 Bd7 12. O-O Re8 13. f4 a5 14. a4 Be7 15. Bxf6 Bxf6
16. e4 dxe4 17. Qxf7+ Kh8 18. Bxe4 Bxe5 19. fxe5 Qg5 20. Qf8+ Rxf8 21. Rxf8#  1-0

[Event "30th 4NCL Congress"]
[Site "Daventry"]
[Date "2023.06.17"]
[Round "3"]
[Board "7"]
[White "Bentley-Davies, Ross"]
[Black "Homer, Neil S"]
[Result "0-1"]
[WhiteElo "1558"]
[BlackElo "1629"]
[PlyCount "34"]
[EventDate "2023.06.16"]
[EventRounds "5"]
[EventCountry "ENG"]

1. d4 d5 2. c4 e6 3. cxd5 exd5 4. Nc3 Nf6 5. Nf3 c5 6. e3 Nc6 7. Be2 Be7 8. O-O O-O
9. a3 c4 10. Qc2 a6 11. Rd1 b5 12. e4 dxe4 13. Nxe4 Be6 14. Nfg5 Nxe4 15. Qxe4 Bxg5
16. Bxg5 Qxg5 17. Qxc6 Bd5  0-1

[Event "30th 4NCL Congress"]
[Site "Daventry"]
[Date "2023.06.17"]
[Round "3"]
[Board "8"]
[White "Griffin-Young, Sebastian"]
[Black "Taylor, Andrew E"]
[Result "0-1"]
[WhiteElo "1458"]
[BlackElo "1623"]
[PlyCount "86"]
[EventDate "2023.06.16"]
[EventRounds "5"]
[EventCountry "ENG"]

1. d4 d5 2. Bf4 e6 3. e3 c5 4. c3 Nc6 5. Bd3 c4 6. Bc2 a6 7. a4 Bd7 8. e4 Nge7 9.
Nd2 Ng6 10. Bg3 Be7 11. Qf3 Qa5 12. b4 cxb3 13. Nxb3 dxe4 14. Bxe4 Qb6 15. Rb1 Rc8
16. Nc5 Qa5 17. Nxb7 Qxa4 18. Nd6+ Bxd6 19. Bxd6 Nce7 20. Ne2 Bc6 21. Bxc6+ Qxc6
22. Qxc6+ Rxc6 23. Rb8+ Rc8 24. Rxc8+ Nxc8 25. Ba3 Nce7 26. O-O Kd7 27. Rb1 Nd5 28.
Rb7+ Nc7 29. Bb4 Kc6 30. Ra7 Kb6 31. Bc5+ Kc6 32. g3 Ra8 33. Rxa8 Nxa8 34. Nc1 e5
35. Nd3 exd4 36. cxd4 Nc7 37. f4 f5 38. Ne5+ Nxe5 39. fxe5 Ne6 40. Kf2 Nxc5 41. dxc5
Kxc5 42. Ke3 Kd5 43. Kf4 Ke6  0-1

[Event "30th 4NCL Congress"]
[Site "Daventry"]
[Date "2023.06.17"]
[Round "3"]
[Board "9"]
[White "Loyden, Gary"]
[Black "Blower, Trevor R"]
[Result "1/2-1/2"]
[WhiteElo "1547"]
[BlackElo "1651"]
[PlyCount "47"]
[EventDate "2023.06.16"]
[EventRounds "5"]
[EventCountry "ENG"]

1. e4 g6 2. d4 Bg7 3. Nc3 c6 4. Nf3 d6 5. h3 Qc7 6. Bd3 Nf6 7. Be3 O-O 8. Qd2 e5
9. dxe5 dxe5 10. Bh6 Be6 11. Bxg7 Kxg7 12. Ng5 Nbd7 13. Nxe6+ fxe6 14. O-O Rad8 15.
Qe3 Nb6 16. Be2 Nh5 17. Bxh5 gxh5 18. Qg5+ Kh8 19. Rad1 Rd4 20. Qxh5 Qg7 21. Rd3
Rxd3 22. cxd3 Rg8 23. g3 Nd7 24. b4  1/2-1/2

[Event "30th 4NCL Congress"]
[Site "Daventry"]
[Date "2023.06.17"]
[Round "3"]
[Board "10"]
[White "Morris, Nigel W"]
[Black "Finnegan, Dale"]
[Result "0-1"]
[WhiteElo "1607"]
[BlackElo "1474"]
[PlyCount "35"]
[EventDate "2023.06.16"]
[EventRounds "5"]
[EventCountry "ENG"]

1. d4 g6 2. c4 Bg7 3. Nc3 c5 4. d5 Bxc3+ 5. bxc3 f5 6. e4 fxe4 7. f3 e5 8. Be3 d6
9. Bf2 Qa5 10. Qd2 Nf6 11. Rb1 Nbd7 12. Rb5 Qa4 13. Bh4 O-O 14. Be2 Nb6 15. Bxf6
Rxf6 16. fxe4 Nxc4 17. Bxc4 Qxc4 18. Rb2  0-1

[Event "30th 4NCL Congress"]
[Site "Daventry"]
[Date "2023.06.17"]
[Round "3"]
[Board "11"]
[White "Egan, William J"]
[Black "Page, Michael"]
[Result "1-0"]
[WhiteElo "1602"]
[BlackElo "1456"]
[PlyCount "89"]
[EventDate "2023.06.16"]
[EventRounds "5"]
[EventCountry "ENG"]

1. d4 d5 2. Bf4 Nf6 3. e3 e6 4. Bd3 Bd6 5. Bg3 O-O 6. Nf3 c5 7. c3 Qc7 8. Nbd2 Nbd7
9. Bxd6 Qxd6 10. O-O e5 11. dxe5 Nxe5 12. Nxe5 Qxe5 13. Nf3 Qd6 14. c4 d4 15. exd4
cxd4 16. h3 Re8 17. Qc2 g6 18. Rfe1 Bd7 19. Nd2 Bc6 20. Ne4 Nxe4 21. Bxe4 Bxe4 22.
Rxe4 d3 23. Rxe8+ Rxe8 24. Qc3 b6 25. Rd1 Rd8 26. Rd2 a5 27. a4 h6 28. b3 Qd4 29.
Qxd4 Rxd4 30. f3 Kf8 31. Kf2 Ke7 32. Ke3 Rd6 33. Rxd3 Re6+ 34. Kd2 Rd6 35. Rxd6 Kxd6
36. Kc3 Ke5 37. b4 f5 38. bxa5 bxa5 39. g3 g5 40. Kd3 f4 41. g4 Kd6 42. Kd4 Kc6 43.
c5 Kc7 44. Kd5 Kb7 45. Kd6  1-0

[Event "30th 4NCL Congress"]
[Site "Daventry"]
[Date "2023.06.17"]
[Round "3"]
[Board "12"]
[White "Gilbert, David J"]
[Black "Hylands, Keith A"]
[Result "1/2-1/2"]
[WhiteElo "1595"]
[BlackElo "1359"]
[PlyCount "90"]
[EventDate "2023.06.16"]
[EventRounds "5"]
[EventCountry "ENG"]

1. c4 Nf6 2. Nc3 Nc6 3. e4 e5 4. Nf3 Bb4 5. Qc2 O-O 6. a3 Bxc3 7. bxc3 d6 8. d4 Re8
9. d5 Ne7 10. c5 a6 11. cxd6 cxd6 12. Be2 Qc7 13. O-O Ng6 14. Bg5 Nd7 15. Be3 Nf6
16. Nd2 Ng4 17. Bxg4 Bxg4 18. f3 Bd7 19. a4 Rf8 20. Rfb1 Nf4 21. Kf2 f5 22. Bxf4
exf4 23. c4 Rae8 24. Qb3 fxe4 25. Nxe4 Bf5 26. Re1 Bxe4 27. fxe4 Re5 28. Ra2 Qe7
29. Qb1 Re8 30. Rae2 Qh4+ 31. Kg1 Rh5 32. Qd3 Qxh2+ 33. Kf1 Ree5 34. Qf3 Qh1+ 35.
Kf2 Qh4+ 36. Kf1 Reg5 37. Rf2 Rg3 38. Qxf4 Qxf4 39. Rxf4 Rc3 40. Ke2 Rxc4 41. Ref1
h6 42. Rb1 Rxa4 43. Rxb7 Re5 44. Kf3 Ra3+ 45. Kf2 Ra4  1/2-1/2

[Event "30th 4NCL Congress"]
[Site "Daventry"]
[Date "2023.06.17"]
[Round "3"]
[Board "13"]
[White "Joseph, Tomy"]
[Black "Mehta, Hatle"]
[Result "1-0"]
[WhiteElo "1550"]
[BlackElo "1247"]
[PlyCount "59"]
[EventDate "2023.06.16"]
[EventRounds "5"]
[EventCountry "ENG"]

1. Nf3 Nf6 2. g3 d5 3. Bg2 g6 4. O-O Bg7 5. d4 Bf5 6. c4 dxc4 7. Qa4+ c6 8. Qxc4
Nbd7 9. Nc3 Ne4 10. Nxe4 Bxe4 11. Ng5 Bd5 12. Bxd5 cxd5 13. Qxd5 e6 14. Qd6 Bf8 15.
Qf4 Qf6 16. Qc7 Qxd4 17. Qxb7 Rb8 18. Qf3 Qf6 19. Qc6 Rd8 20. Ne4 Qd4 21. Bg5 Be7
22. Rfd1 Qb6 23. Qc3 e5 24. Be3 Qb7 25. Nd6+ Bxd6 26. Rxd6 O-O 27. Bh6 Rfe8 28. Rad1
f6 29. Qc4+ Kh8 30. Qf7  1-0

[Event "30th 4NCL Congress"]
[Site "Daventry"]
[Date "2023.06.17"]
[Round "3"]
[Board "14"]
[White "Wallman, James"]
[Black "Kathuria, Dhruv"]
[Result "1/2-1/2"]
[WhiteElo "1456"]
[BlackElo "1545"]
[PlyCount "78"]
[EventDate "2023.06.16"]
[EventRounds "5"]
[EventCountry "ENG"]

1. e4 e5 2. Nf3 Nc6 3. Bc4 Bc5 4. c3 Nf6 5. d3 d6 6. b4 Bb6 7. Qb3 O-O 8. Ng5 Qe7
9. O-O h6 10. Nf3 a5 11. b5 a4 12. Qd1 Na5 13. Nbd2 Nxc4 14. Nxc4 Ba7 15. Be3 Bd7
16. Bxa7 Rxa7 17. Rb1 Be6 18. Re1 Bxc4 19. dxc4 Nd7 20. Re2 Raa8 21. Rd2 Nc5 22.
Qe2 Rfd8 23. Ne1 c6 24. bxc6 bxc6 25. Rdb2 Qc7 26. Nd3 Nxd3 27. Qxd3 Rdb8 28. Qc2
Rxb2 29. Qxb2 Rd8 30. Qb4 d5 31. cxd5 cxd5 32. exd5 Rc8 33. Rc1 Qc4 34. Qxc4 Rxc4
35. d6 Kf8 36. d7 Ke7 37. Rd1 Kd8 38. Rd3 Rc7 39. a3 Rxd7  1/2-1/2

[Event "30th 4NCL Congress"]
[Site "Daventry"]
[Date "2023.06.17"]
[Round "3"]
[Board "15"]
[White "Bellano, Harry"]
[Black "Agarwal, Anay"]
[Result "1-0"]
[WhiteElo "1505"]
[BlackElo "1176"]
[PlyCount "143"]
[EventDate "2023.06.16"]
[EventRounds "5"]
[EventCountry "ENG"]

1. e4 d5 2. exd5 Qxd5 3. Nf3 Nf6 4. Nc3 Qa5 5. d4 Bf5 6. Bd3 Bxd3 7. Qxd3 e6 8. Bd2
c6 9. a3 Bd6 10. O-O-O O-O 11. Ne4 Qd8 12. Nxd6 Qxd6 13. Kb1 Rd8 14. Be3 Nd5 15.
Ng5 f5 16. Bd2 Nd7 17. Rhe1 Nc7 18. Qe2 g6 19. Bb4 c5 20. dxc5 Qa6 21. Nxe6 Qxe2
22. Rxe2 Nxe6 23. Rxe6 Nf8 24. Red6 Rxd6 25. cxd6 Rd8 26. Bc5 b6 27. Be3 Kf7 28.
c4 Ke6 29. Bf4 g5 30. Re1+ Kf6 31. Be5+ Kg6 32. b4 Nd7 33. Bd4 Nf8 34. c5 bxc5 35.
Bxc5 a6 36. Kc2 Kf6 37. d7 Kf7 38. Re7+ Kg6 39. Re8 Rxd7 40. Rxf8 Kg7 41. Ra8 f4
42. Rxa6 Rf7 43. Ra7 Rxa7 44. Bxa7 g4 45. Bb8 f3 46. g3 Kf6 47. b5 Ke6 48. a4 Kd7
49. Kc3 Kc8 50. Be5 Kb7 51. a5 Ka7 52. b6+ Kb7 53. Kc4 h5 54. Kd5 Kc8 55. Kc6 Kd8
56. b7 Ke7 57. b8=Q Ke6 58. Qe8+ Kf5 59. Qxh5+ Ke4 60. Bf4 Kd4 61. Qc5+ Kd3 62. Qd5+
Kc3 63. Be5+ Kc2 64. Qe4+ Kd2 65. Bf4+ Kc3 66. Kc5 Kb3 67. Qc4+ Kb2 68. Be5+ Kb1
69. Qd3+ Ka2 70. Qc2+ Ka3 71. Qb2+ Ka4 72. Qb4#  1-0

[Event "30th 4NCL Congress"]
[Site "Daventry"]
[Date "2023.06.17"]
[Round "3"]
[Board "16"]
[White "Gibson, Stephen"]
[Black "Simmons, Michael W"]
[Result "1-0"]
[WhiteElo "1499"]
[BlackElo "1198"]
[PlyCount "77"]
[EventDate "2023.06.16"]
[EventRounds "5"]
[EventCountry "ENG"]

1. e4 e5 2. f4 d6 3. Nf3 Nf6 4. Nc3 Nbd7 5. Bc4 h6 6. O-O Be7 7. d3 O-O 8. f5 a6
9. a4 Nb6 10. Bb3 c5 11. a5 Nbd7 12. Bd2 b6 13. Nd5 b5 14. Qe1 Bb7 15. Nxe7+ Qxe7
16. c4 b4 17. Qg3 Nh5 18. Qh3 Nf4 19. Bxf4 exf4 20. Nh4 Qg5 21. Rf2 Nf6 22. Raf1
Nh5 23. Nf3 Qf6 24. Qxh5 Kh7 25. Qh4 Qxh4 26. Nxh4 g5 27. fxg6+ fxg6 28. Rxf4 Rxf4
29. Rxf4 Kg7 30. Rf2 Rf8 31. g3 Bc8 32. Ng2 g5 33. Ne3 Bh3 34. Bd1 Kg6 35. Bg4 Bxg4
36. Nxg4 Kh5 37. Nf6+ Kg6 38. Nd5 Kh5 39. Kg2  1-0

[Event "30th 4NCL Congress"]
[Site "Daventry"]
[Date "2023.06.17"]
[Round "3"]
[Board "18"]
[White "Dairi, Mahmoud"]
[Black "Gunarathne, Senith"]
[Result "0-1"]
[WhiteElo "1296"]
[BlackElo "1675"]
[PlyCount "56"]
[EventDate "2023.06.16"]
[EventRounds "5"]
[EventCountry "ENG"]

1. e4 c5 2. Be2 d6 3. f4 Nc6 4. d3 e6 5. Nf3 Be7 6. g3 Nf6 7. c3 a6 8. a4 e5 9. fxe5
dxe5 10. Na3 b5 11. c4 b4 12. Nc2 O-O 13. b3 Re8 14. Bg5 Nd7 15. Bxe7 Qxe7 16. Ne3
Nf8 17. Nd5 Qd8 18. Qd2 Be6 19. h4 Bxd5 20. cxd5 Nd4 21. Nxd4 exd4 22. O-O-O Nd7
23. Rdf1 c4 24. Qxb4 a5 25. Qd2 cxb3 26. Kb2 Nc5 27. Qf4 Nxa4+ 28. Ka3 Qe7+  0-1

[Event "30th 4NCL Congress"]
[Site "Daventry"]
[Date "2023.06.17"]
[Round "3"]
[Board "19"]
[White "Wen, Liana"]
[Black "Brown, Chris"]
[Result "0-1"]
[WhiteElo "1242"]
[BlackElo "1485"]
[PlyCount "88"]
[EventDate "2023.06.16"]
[EventRounds "5"]
[EventCountry "ENG"]

1. e4 e5 2. Nf3 Nc6 3. Bb5 a6 4. Ba4 Nf6 5. O-O b5 6. Bb3 Bc5 7. c3 d6 8. d4 Bb6
9. Re1 O-O 10. h3 h6 11. Nbd2 Bb7 12. Nf1 Ne7 13. Ng3 Re8 14. Be3 exd4 15. Bxd4 Bxd4
16. Nxd4 Ng6 17. Qf3 Ne5 18. Qe3 d5 19. Ngf5 Nxe4 20. Qf4 Qg5 21. Qxg5 Nxg5 22. f4
c5 23. fxg5 cxd4 24. gxh6 Nc4 25. cxd4 Bc6 26. hxg7 Bd7 27. Rf1 Bxf5 28. Rxf5 Kxg7
29. Raf1 Ra7 30. h4 Ne3 31. Rg5+ Kf8 32. Rf6 Re4 33. Kf2 Ng4+ 34. Rxg4 Rxg4 35. g3
Rxd4 36. h5 Kg7 37. Rf5 Rd7 38. Kf3 Rd2 39. g4 d4 40. g5 Re7 41. h6+ Kg6 42. Rf6+
Kxg5 43. h7 Rh2 44. Rf4 Re3#  0-1

[Event "30th 4NCL Congress"]
[Site "Daventry"]
[Date "2023.06.17"]
[Round "3"]
[Board "20"]
[White "Gandhi, Preesh"]
[Black "Mehta, Zara"]
[Result "1/2-1/2"]
[WhiteElo "1432"]
[BlackElo "983"]
[PlyCount "57"]
[EventDate "2023.06.16"]
[EventRounds "5"]
[EventCountry "ENG"]

1. e4 e5 2. Nf3 Nc6 3. Bb5 Nf6 4. d3 Bc5 5. O-O Qe7 6. c3 O-O 7. Bg5 h6 8. Bh4 d6
9. h3 Be6 10. d4 exd4 11. cxd4 Bxd4 12. Nxd4 Nxd4 13. Qxd4 c5 14. Bxf6 Qxf6 15. Qxd6
Qxb2 16. Qd2 Qxb5 17. Nc3 Qc6 18. Nd5 Rfe8 19. Rad1 Bxd5 20. exd5 Qd6 21. Qb2 b6
22. Rd2 Rac8 23. Qa3 a5 24. Rc1 Re7 25. Qd3 Rce8 26. Kf1 Qh2 27. f3 Qh1+ 28. Kf2
Qxc1 29. Rd1  1/2-1/2

[Event "30th 4NCL Congress"]
[Site "Daventry"]
[Date "2023.06.17"]
[Round "3"]
[Board "21"]
[White "Agarwal, Amaya"]
[Black "Bangalore Kumar, Rohith"]
[Result "1-0"]
[WhiteElo "1066"]
[BlackElo "1381"]
[PlyCount "51"]
[EventDate "2023.06.16"]
[EventRounds "5"]
[EventCountry "ENG"]

1. e4 c6 2. d4 d5 3. exd5 cxd5 4. c4 e6 5. Nc3 Bb4 6. Nf3 Nf6 7. Bd3 Nc6 8. O-O Bxc3
9. bxc3 O-O 10. Re1 Re8 11. c5 Qc7 12. Bg5 Nd7 13. Qc2 g6 14. Qe2 e5 15. Bc2 Re6
16. Qd1 b6 17. c4 Nb4 18. cxd5 Nxd5 19. dxe5 Qxc5 20. Rc1 Bb7 21. Bxg6 Qf8 22. Bf5
Re7 23. Bxe7 Qxe7 24. Be4 Qe6 25. Ng5 Qxe5 26. Bxh7+  1-0

[Event "30th 4NCL Congress"]
[Site "Daventry"]
[Date "2023.06.17"]
[Round "3"]
[Board "22"]
[White "Gunarathne, Miheli"]
[Black "Pugaciauskas, Dominic"]
[Result "0-1"]
[WhiteElo "966"]
[BlackElo "1343"]
[PlyCount "60"]
[EventDate "2023.06.16"]
[EventRounds "5"]
[EventCountry "ENG"]

1. e4 c6 2. d4 d5 3. Nc3 dxe4 4. Nxe4 Bf5 5. Nc3 e6 6. Nf3 Bb4 7. Bd3 Bxc3+ 8. bxc3
Bxd3 9. Qxd3 Nf6 10. O-O O-O 11. Ne5 Nbd7 12. Nxd7 Qxd7 13. Qg3 Nd5 14. Bh6 f6 15.
c4 Nc7 16. f4 Qxd4+ 17. Qf2 Qxf2+ 18. Rxf2 gxh6 19. g4 Rad8 20. Rb1 b6 21. c5 bxc5
22. Rb7 Nb5 23. a4 Nd6 24. Rxa7 Ra8 25. Rd7 Rfd8 26. Re7 Rxa4 27. f5 Rxg4+ 28. Kh1
Nxf5 29. Rxe6 Rd1+ 30. Rf1 Rxf1#  0-1

[Event "30th 4NCL Congress"]
[Site "Daventry"]
[Date "2023.06.17"]
[Round "3"]
[Board "23"]
[White "Fraser, Chris A"]
[Black "Patel, Diah"]
[Result "0-1"]
[WhiteElo "1543"]
[BlackElo "1273"]
[PlyCount "80"]
[EventDate "2023.06.16"]
[EventRounds "5"]
[EventCountry "ENG"]

1. e4 e5 2. Nf3 Nc6 3. d4 exd4 4. Nxd4 Nf6 5. Nxc6 bxc6 6. e5 Qe7 7. Qe2 Nd5 8. h4
g6 9. c4 Nb6 10. Rh3 Qb4+ 11. Nd2 d5 12. Rb3 Qc5 13. cxd5 Nxd5 14. Ne4 Qe7 15. Bg5
Qd7 16. O-O-O Bg7 17. Bf6 O-O 18. Bxg7 Kxg7 19. Nf6 Qf5 20. Nxd5 cxd5 21. Rxd5 Be6
22. Rf3 Qh5 23. Ra5 Bg4 24. Qe4 Bxf3 25. gxf3 Qh6+ 26. f4 Qxh4 27. Qf3 Qe7 28. f5
Qb4 29. f6+ Kh8 30. Rd5 Rab8 31. Rd2 Rfd8 32. Bd3 c5 33. a3 Qb3 34. Qe2 Rbc8 35.
Bc4 Rxd2 36. Kxd2 Qxb2+ 37. Ke1 Qc1+ 38. Qd1 Qxc4 39. Qd7 Rb8 40. f3 Qc2  0-1

[Event "30th 4NCL Congress"]
[Site "Daventry"]
[Date "2023.06.17"]
[Round "3"]
[Board "24"]
[White "Wright, George A"]
[Black "Ramanathan, Vaidy"]
[Result "0-1"]
[WhiteElo "1413"]
[BlackElo "1187"]
[PlyCount "102"]
[EventDate "2023.06.16"]
[EventRounds "5"]
[EventCountry "ENG"]

1. d4 d5 2. c4 dxc4 3. e3 Nc6 4. Bxc4 e6 5. Nc3 Nf6 6. Nf3 Bb4 7. O-O O-O 8. Qc2
Ne7 9. e4 Ng6 10. e5 Nd5 11. Ne4 Be7 12. a3 b6 13. Ba2 Bb7 14. Bd2 Ndf4 15. Rac1
Rc8 16. Rfe1 Bxe4 17. Rxe4 Bg5 18. Bb1 c5 19. Kh1 cxd4 20. Rxd4 Rxc2 21. Rxd8 Rxc1+
22. Bxc1 Rxd8 23. Bc2 Ne2 24. Bxg5 Rd5 25. h4 Nxe5 26. Nxe5 Rxe5 27. Bd8 Nd4 28.
Bd3 Nf5 29. Kh2 Rd5 30. Bxf5 exf5 31. Bg5 h6 32. Bf4 Kf8 33. Kg3 Ke7 34. f3 Rd3 35.
Kf2 Ke6 36. Ke2 Rd7 37. b4 b5 38. h5 Ke7 39. Ke3 Kf8 40. Be5 Kg8 41. Kf4 Rd2 42.
g3 Rh2 43. g4 fxg4 44. fxg4 Ra2 45. Bd6 Rxa3 46. Bc7 Ra4 47. Ba5 Kh7 48. Ke4 Ra1
49. Kd5 Rc1 50. Kd6 Rc4 51. Kd5 Rxg4  0-1

[Event "30th 4NCL Congress"]
[Site "Daventry"]
[Date "2023.06.17"]
[Round "3"]
[Board "25"]
[White "Kathuria, Khush"]
[Black "Butler, Rene"]
[Result "1-0"]
[WhiteElo "1297"]
[BlackElo "1313"]
[PlyCount "27"]
[EventDate "2023.06.16"]
[EventRounds "5"]
[EventCountry "ENG"]

1. e4 c5 2. Nf3 d6 3. d4 cxd4 4. Nxd4 Nc6 5. Bc4 Nxd4 6. Qxd4 Qb6 7. Qxb6 axb6 8.
Be3 Nf6 9. Nc3 g6 10. Nb5 Kd7 11. Bxb6 Nxe4 12. Nc7 Rb8 13. Bb5+ Kd8 14. Ne6#  1-0

[Event "30th 4NCL Congress"]
[Site "Daventry"]
[Date "2023.06.18"]
[Round "4"]
[Board "1"]
[White "Shivakumar, Akshath"]
[Black "Steel, Martin J"]
[Result "1-0"]
[WhiteElo "1591"]
[BlackElo "1613"]
[PlyCount "101"]
[EventDate "2023.06.16"]
[EventRounds "5"]
[EventCountry "ENG"]

1. d4 e6 2. c4 f5 3. Nf3 Nf6 4. g3 Be7 5. Bg2 O-O 6. O-O d6 7. Nc3 Ne4 8. Nd2 Nxc3
9. bxc3 e5 10. e4 Nc6 11. Nb3 Rb8 12. d5 Bd7 13. dxc6 Bxc6 14. exf5 Bxg2 15. Kxg2
Rxf5 16. Be3 b6 17. f4 Qe8 18. Qd5+ Kh8 19. Nd4 exd4 20. Qxf5 dxe3 21. Qe4 Bf6 22.
Qxe8+ Rxe8 23. Rac1 Kg8 24. Kf3 Kf7 25. Rfe1 g5 26. Rxe3 Rxe3+ 27. Kxe3 gxf4+ 28.
gxf4 Ke6 29. Ke4 c6 30. f5+ Kf7 31. Kd3 Be5 32. h4 Kf6 33. Ke4 d5+ 34. cxd5 cxd5+
35. Kxd5 Bg3 36. Ke4 Bxh4 37. Rh1 Bg3 38. Rxh7 Bb8 39. Rb7 Be5 40. Rxa7 Bxc3 41.
Rc7 Ba5 42. Rc6+ Kf7 43. f6 Kf8 44. Rc7 Bb4 45. Kf5 Bc5 46. Ke6 Kg8 47. Rxc5 bxc5
48. Ke7 c4 49. f7+ Kh7 50. f8=Q c3 51. Kf7  1-0

[Event "30th 4NCL Congress"]
[Site "Daventry"]
[Date "2023.06.18"]
[Round "4"]
[Board "2"]
[White "Sloan, Cecil"]
[Black "Homer, Neil S"]
[Result "1/2-1/2"]
[WhiteElo "1657"]
[BlackElo "1629"]
[PlyCount "89"]
[EventDate "2023.06.16"]
[EventRounds "5"]
[EventCountry "ENG"]

1. e4 c6 2. d4 d5 3. exd5 cxd5 4. Bd3 Nc6 5. c3 Qc7 6. Ne2 Bg4 7. f3 Bd7 8. Bf4 e5
9. dxe5 Nxe5 10. Bc2 Nf6 11. Ba4 Bc6 12. O-O Bd6 13. Nd4 O-O 14. Nd2 Nxf3+ 15. N2xf3
Bxf4 16. Nxc6 bxc6 17. Kh1 Rab8 18. Nd4 Bxh2 19. Bc2 Ne4 20. Bxe4 dxe4 21. Nxc6 Qxc6
22. Kxh2 Rxb2 23. Qd4 Qh6+ 24. Kg1 Qb6 25. Rfd1 f5 26. Qxb6 Rxb6 27. Rd7 a6 28. c4
Rc8 29. Rad1 Rbc6 30. Ra7 R6c7 31. Rd8+ Rxd8 32. Rxc7 Rd1+ 33. Kf2 Rd2+ 34. Ke3 Rxg2
35. Kf4 g6 36. Ke5 Rd2 37. c5 Rd8 38. c6 Kf8 39. Rxh7 e3 40. c7 Re8+ 41. Kf6 Kg8
42. Re7 Rf8+ 43. Kxg6 f4 44. Rg7+ Kh8 45. Rh7+  1/2-1/2

[Event "30th 4NCL Congress"]
[Site "Daventry"]
[Date "2023.06.18"]
[Round "4"]
[Board "3"]
[White "Fisher, Neal"]
[Black "Jerome, Stellio"]
[Result "1-0"]
[WhiteElo "1647"]
[BlackElo "1608"]
[PlyCount "93"]
[EventDate "2023.06.16"]
[EventRounds "5"]
[EventCountry "ENG"]

1. d4 f5 2. Bf4 Nf6 3. e3 e6 4. c3 Be7 5. h4 h5 6. Be2 d6 7. Bxh5+ Kd7 8. Bf3 c6
9. h5 Kc7 10. Qb3 Bd7 11. c4 Kc8 12. Nc3 Qb6 13. Nge2 Na6 14. Qxb6 axb6 15. a3 Nb4
16. Kd2 Na6 17. Na4 Kc7 18. Nac3 c5 19. Nb5+ Bxb5 20. cxb5 Nb8 21. Rhc1 Nbd7 22.
b4 Kb8 23. Ng3 Rc8 24. bxc5 bxc5 25. a4 c4 26. a5 Ra7 27. b6 Ra8 28. Ne2 e5 29. dxe5
dxe5 30. Bg3 Bb4+ 31. Nc3 Rxa5 32. Rxa5 Bxa5 33. Rb1 Rd8 34. Kc2 Kc8 35. Nb5 Bxb6
36. Nd6+ Kc7 37. Nxf5 Ne8 38. Kc3 Ra8 39. Kxc4 Ra4+ 40. Kd5 Ra5+ 41. Ke6 Kc8 42.
Ne7+ Kd8 43. Rd1 Nc7+ 44. Kf7 Bc5 45. Bg4 Bxe7 46. Rxd7+ Kc8 47. Rd5+  1-0

[Event "30th 4NCL Congress"]
[Site "Daventry"]
[Date "2023.06.18"]
[Round "4"]
[Board "4"]
[White "Pandya, Dhairya"]
[Black "Amir, Zain"]
[Result "0-1"]
[WhiteElo "1646"]
[BlackElo "1597"]
[PlyCount "85"]
[EventDate "2023.06.16"]
[EventRounds "5"]
[EventCountry "ENG"]

1. e4 Nc6 2. d4 d5 3. exd5 Qxd5 4. Be3 Nf6 5. c4 Qd8 6. Nc3 Bg4 7. Be2 Bxe2 8. Ngxe2
e6 9. Qb3 b6 10. Rd1 Na5 11. Qc2 Be7 12. h3 O-O 13. b3 c6 14. O-O Rc8 15. Rd3 b5
16. Nb1 Ne4 17. c5 Nf6 18. b4 Nc4 19. Nd2 Nxd2 20. Bxd2 Nd5 21. a4 a6 22. Ra1 Bg5
23. f4 Bf6 24. Rf1 Qd7 25. g4 h6 26. Rg3 Ne7 27. Qe4 Qd5 28. Qd3 Rcd8 29. Bc3 Bh4
30. Rg2 f6 31. f5 e5 32. Qe3 Bg5 33. Qg3 exd4 34. Nxd4 Qc4 35. Ne6 Rd3 36. Qe1 Re3
37. Qd1 Rxc3 38. Nxf8 Kxf8 39. Re1 Be3+ 40. Kh1 Nd5 41. axb5 axb5 42. Qa1 Nc7 43.
Qd1  0-1